[Event "GBR-ch80"]
[Site "Dundee"]
[Date "1993.08.09"]
[Round "7"]
[White "Forbes, Cathy"]
[Black "Gokhale, Jayant Suresh"]
[Result "0-1"]
[WhiteElo "2105"]
[BlackElo "2330"]
[PlyCount "64"]
[EventDate "1993.08.02"]
[EventType "swiss"]
[EventRounds "11"]
[EventCountry "GBR"]
[SourceTitle "BritBase"]
[Source "britbase.info"]
[SourceDate "2021.07.30"]
[SourceVersion "1"]
[SourceVersionDate "2021.07.30"]
[SourceQuality "1"]

1. d4 Nf6 2. Nf3 d6 3. Nc3 Nbd7 4. e4 e5 5. dxe5 dxe5 6. Bc4 Be7 7. O-O O-O 8.
Bg5 c6 9. Re1 Qc7 10. a3 Nc5 11. h3 b5 12. Ba2 Be6 13. Nd2 Bxa2 14. Nxa2 Rfd8
15. Qe2 Ne6 16. Bxf6 Bxf6 17. Nf3 a5 18. c4 Nf4 19. Qc2 Qb7 20. cxb5 cxb5 21.
Red1 Rac8 22. Rxd8+ Rxd8 23. b4 a4 24. Rc1 h6 25. Kh2 Qb6 26. Qc5 Qe6 27. Rc2
Qb3 28. Nd2 Qd3 29. Qc3 Qe2 30. Qe3 Qd1 31. Rb2 Rd3 32. Nc3 Qc1 0-1

[Event "GBR-ch80"]
[Site "Dundee"]
[Date "1993.08.09"]
[Round "7"]
[White "Hastings, Jonathan J"]
[Black "Cooper, Lawrence"]
[Result "0-1"]
[WhiteElo "2210"]
[BlackElo "2310"]
[PlyCount "98"]
[EventDate "1993.08.02"]
[EventType "swiss"]
[EventRounds "11"]
[EventCountry "GBR"]
[SourceTitle "BritBase"]
[Source "britbase.info"]
[SourceDate "2021.07.30"]
[SourceVersion "1"]
[SourceVersionDate "2021.07.30"]
[SourceQuality "1"]

1. e4 e5 2. Nc3 Nf6 3. Bc4 Bb4 4. Nd5 Nxd5 5. exd5 d6 6. c3 Bc5 7. d3 Qh4 8.
Qe2 Bg4 9. Nf3 Qe7 10. Be3 Bxe3 11. fxe3 e4 12. dxe4 Qxe4 13. O-O-O Qe7 14. Rd4
Bh5 15. g4 Bg6 16. e4 Nd7 17. Bb5 O-O 18. Bxd7 Qxd7 19. Nd2 f6 20. h4 Qe7 21.
Qg2 c6 22. Qg3 cxd5 23. Rxd5 Bxe4 24. Re1 Qf7 25. Rxd6 Bc6 26. Rde6 Rfe8 27.
Rxe8+ Rxe8 28. Rxe8+ Qxe8 29. g5 Qe7 30. gxf6 Qxf6 31. Qb8+ Kf7 32. Qc7+ Kg6
33. Qg3+ Kh5 34. Kc2 Qg6+ 35. Qxg6+ Kxg6 36. Kd3 Kh5 37. Ke3 Kxh4 38. Kf2 g5
39. c4 g4 40. Nf1 h5 41. b4 Kg5 42. b5 Be8 43. a4 b6 44. Ne3 h4 45. Nd5 Bf7 46.
Ne3 Bg6 47. Nd5 Be4 48. Nc3 g3+ 49. Kg1 Bf3 0-1

[Event "GBR-ch80"]
[Site "Dundee"]
[Date "1993.08.09"]
[Round "7"]
[White "Hodgson, Julian M"]
[Black "Martin, Andrew D"]
[Result "1/2-1/2"]
[WhiteElo "2625"]
[BlackElo "2425"]
[PlyCount "60"]
[EventDate "1993.08.02"]
[EventType "swiss"]
[EventRounds "11"]
[EventCountry "GBR"]
[SourceTitle "BritBase"]
[Source "britbase.info"]
[SourceDate "2021.07.30"]
[SourceVersion "1"]
[SourceVersionDate "2021.07.30"]
[SourceQuality "1"]

1. d4 Nf6 2. Bg5 g6 3. Bxf6 exf6 4. c4 Bg7 5. Nc3 f5 6. g3 d6 7. Bg2 Nd7 8. e3
O-O 9. Nge2 Nb6 10. b3 a5 11. O-O c6 12. Rb1 Re8 13. Qd3 Nd7 14. a3 Nf6 15. b4
axb4 16. axb4 Ne4 17. Nxe4 fxe4 18. Bxe4 d5 19. cxd5 cxd5 20. Bf3 Bf5 21. Qb3
Bxb1 22. Rxb1 Qf6 23. Bxd5 Ra7 24. b5 Rea8 25. Rc1 Qe7 26. Kg2 Ra3 27. Qc4 Qd7
28. Be4 Ra2 29. Bf3 Rb2 30. h4 Rxb5 1/2-1/2

[Event "GBR-ch80"]
[Site "Dundee"]
[Date "1993.08.09"]
[Round "7"]
[White "James, David J"]
[Black "Joseph, Stephen Mario"]
[Result "1-0"]
[WhiteElo "2255"]
[BlackElo "2235"]
[PlyCount "87"]
[EventDate "1993.08.02"]
[EventType "swiss"]
[EventRounds "11"]
[EventCountry "GBR"]
[SourceTitle "BritBase"]
[Source "britbase.info"]
[SourceDate "2021.07.30"]
[SourceVersion "1"]
[SourceVersionDate "2021.07.30"]
[SourceQuality "1"]

1. d4 Nf6 2. c4 g6 3. Nc3 Bg7 4. Nf3 O-O 5. e3 c6 6. Be2 d5 7. O-O dxc4 8. Bxc4
b5 9. Bd3 Nbd7 10. Bd2 Bb7 11. Rc1 Rc8 12. Ne4 Re8 13. Nxf6+ Bxf6 14. Bb4 a5
15. Bc5 e5 16. Nxe5 Nxe5 17. dxe5 Bxe5 18. b3 Bd6 19. Qe2 Bxc5 20. Rxc5 Qd6 21.
Qc2 Rcd8 22. Rd1 Re5 23. Rxe5 Qxe5 24. Qe2 Kg7 25. f4 Qc3 26. Qc2 Qxc2 27. Bxc2
Rxd1+ 28. Bxd1 c5 29. Be2 b4 30. Bd3 Bd5 31. e4 Be6 32. Kf2 a4 33. bxa4 c4 34.
Bb1 c3 35. Ke3 f5 36. e5 Bd5 37. g3 Kf7 38. a5 Bc4 39. Kd4 Be2 40. Kc5 Bd1 41.
a6 c2 42. Bxc2 Bxc2 43. a7 Be4 44. Kd6 1-0

[Event "GBR-ch80"]
[Site "Dundee"]
[Date "1993.08.09"]
[Round "7"]
[White "Knox, Victor W"]
[Black "Webster, Andrew"]
[Result "0-1"]
[WhiteElo "2315"]
[BlackElo "2410"]
[PlyCount "56"]
[EventDate "1993.08.02"]
[EventType "swiss"]
[EventRounds "11"]
[EventCountry "GBR"]
[SourceTitle "BritBase"]
[Source "britbase.info"]
[SourceDate "2021.07.30"]
[SourceVersion "1"]
[SourceVersionDate "2021.07.30"]
[SourceQuality "1"]

1. d4 d6 2. e4 g6 3. Nc3 c6 4. f4 d5 5. e5 h5 6. Nf3 Bg4 7. h3 Bxf3 8. Qxf3 e6
9. g3 c5 10. dxc5 Bxc5 11. Bd2 a6 12. O-O-O Ne7 13. Bd3 Qc7 14. g4 Nd7 15. Kb1
O-O-O 16. Na4 Ba7 17. Bb4 Nc6 18. Bd2 hxg4 19. hxg4 g5 20. Qg3 Bb8 21. fxg5
Qxe5 22. Qf3 Qg7 23. Rhf1 Rdf8 24. c4 Nde5 25. Qe3 Ba7 26. c5 Nxg4 27. Qe2 Nge5
28. Bxa6 Qg6+ 0-1

[Event "GBR-ch80"]
[Site "Dundee"]
[Date "1993.08.09"]
[Round "7"]
[White "Kumaran, Dharshan"]
[Black "Hennigan, Michael"]
[Result "1/2-1/2"]
[WhiteElo "2425"]
[BlackElo "2415"]
[PlyCount "83"]
[EventDate "1993.08.02"]
[EventType "swiss"]
[EventRounds "11"]
[EventCountry "GBR"]
[SourceTitle "BritBase"]
[Source "britbase.info"]
[SourceDate "2021.07.30"]
[SourceVersion "1"]
[SourceVersionDate "2021.07.30"]
[SourceQuality "1"]

1. d4 Nf6 2. c4 g6 3. Nc3 Bg7 4. e4 d6 5. Nf3 O-O 6. Be2 Na6 7. O-O e5 8. Re1
c6 9. Bf1 Bg4 10. Be3 Nh5 11. d5 Qf6 12. Be2 Nf4 13. h3 Nxe2+ 14. Qxe2 Bxf3 15.
Qxf3 Qxf3 16. gxf3 f5 17. Rab1 Nb4 18. Rec1 f4 19. Bd2 a5 20. b3 Bf6 21. Kf1
Nd3 22. Rd1 Bd8 23. Ke2 Nc5 24. Bc1 Rf6 25. Ba3 Bb6 26. Na4 Ba7 27. Bxc5 Bxc5
28. dxc6 bxc6 29. Nxc5 dxc5 30. Rd7 a4 31. bxa4 Rf7 32. Rxf7 Kxf7 33. Rb7+ Kg8
34. Re7 Rxa4 35. Rxe5 Rxa2+ 36. Kf1 Ra5 37. Re6 Ra4 38. Rxc6 Rxc4 39. Rc7 Rc2
40. h4 h6 41. e5 c4 42. e6 1/2-1/2

[Event "GBR-ch80"]
[Site "Dundee"]
[Date "1993.08.09"]
[Round "7"]
[White "Ledger, David"]
[Black "Roberts, Paul"]
[Result "1-0"]
[WhiteElo "2295"]
[BlackElo "2195"]
[PlyCount "105"]
[EventDate "1993.08.02"]
[EventType "swiss"]
[EventRounds "11"]
[EventCountry "GBR"]
[SourceTitle "BritBase"]
[Source "britbase.info"]
[SourceDate "2021.07.30"]
[SourceVersion "1"]
[SourceVersionDate "2021.07.30"]
[SourceQuality "1"]

1. Nf3 Nf6 2. g3 g6 3. Bg2 Bg7 4. O-O O-O 5. d3 d6 6. e4 c5 7. Nc3 Nc6 8. h3
Rb8 9. a4 a6 10. Be3 b5 11. axb5 axb5 12. Qd2 b4 13. Nd5 Nxd5 14. exd5 Ne5 15.
Nxe5 Bxe5 16. d4 Bxd4 17. Bxd4 cxd4 18. Qxd4 Bf5 19. Rfc1 Qb6 20. Qxb6 Rxb6 21.
g4 Bc8 22. Ra7 Bb7 23. Re1 Re8 24. Re3 Kf8 25. Be4 h6 26. h4 Rc8 27. Kf1 Rc4
28. f3 f5 29. gxf5 gxf5 30. Bxf5 Rxh4 31. Be6 Rb5 32. Re4 Rxe4 33. fxe4 Kg7 34.
Kf2 Rb6 35. Ke3 Kf6 36. Kf4 Rb5 37. Bd7 e5+ 38. Kg4 Rb6 39. Kh5 b3 40. c3 Bxd5
41. exd5 e4 42. Be6 Ke5 43. Kg4 Rb8 44. Kg3 Rf8 45. Rf7 Rg8+ 46. Kf2 Rg5 47.
Rf8 Rh5 48. Ke3 Rg5 49. Rg8 Rh5 50. Rb8 Rg5 51. Rg8 Rh5 52. Rg2 Rh1 53. Rf2 1-0

[Event "GBR-ch80"]
[Site "Dundee"]
[Date "1993.08.09"]
[Round "7"]
[White "Levitt, Jonathan"]
[Black "Martin, Benjamin"]
[Result "1/2-1/2"]
[WhiteElo "2455"]
[BlackElo "2410"]
[PlyCount "100"]
[EventDate "1993.08.02"]
[EventType "swiss"]
[EventRounds "11"]
[EventCountry "GBR"]
[SourceTitle "BritBase"]
[Source "britbase.info"]
[SourceDate "2021.07.30"]
[SourceVersion "1"]
[SourceVersionDate "2021.07.30"]
[SourceQuality "1"]

1. d4 Nf6 2. c4 e6 3. Nc3 Bb4 4. e3 c5 5. Nge2 cxd4 6. exd4 O-O 7. a3 Be7 8. g3
Qc7 9. b3 a6 10. Bg2 d6 11. O-O Nbd7 12. Bb2 Rb8 13. Rc1 Qd8 14. Nf4 b5 15.
cxb5 d5 16. bxa6 Bxa6 17. Re1 Bd6 18. Nce2 Qb6 19. b4 Qa7 20. Nd3 Nb6 21. Ne5
Rbc8 22. Nc3 Nfd7 23. Na4 Nxa4 24. Qxa4 Nb6 25. Qb3 Bb5 26. Bf1 Bxf1 27. Rxf1
Bxe5 28. dxe5 Nc4 29. Rfd1 Ra8 30. Ra1 Qa4 31. Rd3 Rfb8 32. Qxa4 Rxa4 33. Rb1
Kf8 34. f4 Ke7 35. Bc1 Rb5 36. Kf2 f6 37. Bb2 fxe5 38. fxe5 Rb8 39. Ke2 Rba8
40. Bd4 Kd7 41. Bb2 Ke7 42. b5 Rb8 43. Bd4 Ra5 44. Rf3 Raxb5 45. Rbf1 Rb2+ 46.
Bxb2 Rxb2+ 47. Kd1 Rb1+ 48. Ke2 Rb2+ 49. Kd1 Rb1+ 50. Ke2 Rb2+ 1/2-1/2

[Event "GBR-ch80"]
[Site "Dundee"]
[Date "1993.08.09"]
[Round "7"]
[White "Parker, Jonathan"]
[Black "Arkell, Keith C"]
[Result "0-1"]
[WhiteElo "2370"]
[BlackElo "2460"]
[PlyCount "78"]
[EventDate "1993.08.02"]
[EventType "swiss"]
[EventRounds "11"]
[EventCountry "GBR"]
[SourceTitle "BritBase"]
[Source "britbase.info"]
[SourceDate "2021.07.30"]
[SourceVersion "1"]
[SourceVersionDate "2021.07.30"]
[SourceQuality "1"]

1. d4 Nf6 2. c4 e6 3. Nc3 Bb4 4. Bg5 c5 5. d5 d6 6. f3 exd5 7. cxd5 Nbd7 8. e4
Qa5 9. Bd2 O-O 10. a3 Bxc3 11. Bxc3 Qd8 12. Bd3 Ne5 13. Ne2 Nxd3+ 14. Qxd3 a5
15. O-O a4 16. Rfe1 b6 17. Ng3 Ne8 18. f4 f6 19. e5 dxe5 20. fxe5 fxe5 21. Rxe5
Ra7 22. Rh5 g6 23. Re5 Nf6 24. d6 Ba6 25. Qd2 Rd7 26. Rd1 Bc4 27. Ne4 Nxe4 28.
Rxe4 Rxd6 29. Rxc4 Rxd2 30. Rxd2 Qe7 31. h3 b5 32. Rg4 b4 33. axb4 a3 34. Kh2
Qc7+ 35. Kg1 cxb4 36. Rxb4 Qa7+ 37. Bd4 a2 38. Bxa7 a1=Q+ 39. Kh2 Qxa7 0-1

[Event "GBR-ch80"]
[Site "Dundee"]
[Date "1993.08.09"]
[Round "7"]
[White "Quillan, Gary"]
[Black "Koshy, Varugeese"]
[Result "1-0"]
[WhiteElo "2300"]
[BlackElo "2415"]
[PlyCount "75"]
[EventDate "1993.08.02"]
[EventType "swiss"]
[EventRounds "11"]
[EventCountry "GBR"]
[SourceTitle "BritBase"]
[Source "britbase.info"]
[SourceDate "2021.07.30"]
[SourceVersion "1"]
[SourceVersionDate "2021.07.30"]
[SourceQuality "1"]

1. e4 c5 2. Nf3 Nc6 3. Bb5 g6 4. O-O Bg7 5. c3 Nf6 6. d4 cxd4 7. cxd4 Nxe4 8.
d5 Nb8 9. Qe2 Nd6 10. Bd3 O-O 11. Bg5 f6 12. Bf4 e5 13. dxe6 dxe6 14. Rd1 e5
15. Nc3 Be6 16. Nxe5 fxe5 17. Bxe5 Bxe5 18. Qxe5 Qf6 19. Qxd6 Qxf2+ 20. Kh1 Qb6
21. Qxb6 axb6 22. Be4 Nc6 23. Rd6 Bc4 24. Bxc6 bxc6 25. Rxc6 b5 26. h3 Rf2 27.
Rc7 Rxb2 28. Re1 Rf8 29. a4 Bf1 30. axb5 Bxg2+ 31. Kg1 Bf3 32. Ree7 Rg2+ 33.
Kf1 Bd5+ 34. Ke1 Bf7 35. b6 Ra8 36. b7 Ra1+ 37. Nd1 Rg1+ 38. Kf2 1-0

[Event "GBR-ch80"]
[Site "Dundee"]
[Date "1993.08.09"]
[Round "7"]
[White "Rossiter, Philip J"]
[Black "Muir, Andrew J"]
[Result "1/2-1/2"]
[WhiteElo "2330"]
[BlackElo "2360"]
[PlyCount "98"]
[EventDate "1993.08.02"]
[EventType "swiss"]
[EventRounds "11"]
[EventCountry "GBR"]
[SourceTitle "BritBase"]
[Source "britbase.info"]
[SourceDate "2021.07.30"]
[SourceVersion "1"]
[SourceVersionDate "2021.07.30"]
[SourceQuality "1"]

1. d4 d5 2. c4 e6 3. Nc3 c6 4. Nf3 dxc4 5. e3 b5 6. a4 Bb4 7. Bd2 a5 8. axb5
Bxc3 9. Bxc3 cxb5 10. b3 Bb7 11. bxc4 b4 12. Bb2 Nf6 13. Bd3 Nbd7 14. O-O O-O
15. Nd2 e5 16. d5 Nc5 17. Bc2 Qe7 18. Kh1 Bc8 19. Nb3 Nxb3 20. d6 Qe6 21. Bxb3
Ba6 22. Qc2 Qxd6 23. Rxa5 Bxc4 24. Rxa8 Bxf1 25. Rxf8+ Kxf8 26. f4 exf4 27. Bd4
Qd7 28. Qf2 Bb5 29. Qxf4 Kg8 30. h3 Bc6 31. Kh2 h6 32. Bxf6 gxf6 33. Qxf6 Bd5
34. Bd1 Bxg2 35. Bg4 Qd2 36. Kg3 Bd5 37. Qxh6 Qg2+ 38. Kh4 Qe4 39. Qg5+ Kh8 40.
Kg3 Be6 41. Bxe6 fxe6 42. Qd8+ Kg7 43. Qe7+ Kg6 44. Qe8+ Kf6 45. Qf8+ Kg5 46.
Qd8+ Kh6 47. Qf8+ Kg6 48. Qe8+ Kf6 49. Qf8+ Kg6 1/2-1/2

[Event "GBR-ch80"]
[Site "Dundee"]
[Date "1993.08.09"]
[Round "7"]
[White "Walker, David"]
[Black "Ledger, Andrew"]
[Result "0-1"]
[WhiteElo "2305"]
[BlackElo "2375"]
[PlyCount "50"]
[EventDate "1993.08.02"]
[EventType "swiss"]
[EventRounds "11"]
[EventCountry "GBR"]
[SourceTitle "BritBase"]
[Source "britbase.info"]
[SourceDate "2021.07.30"]
[SourceVersion "1"]
[SourceVersionDate "2021.07.30"]
[SourceQuality "1"]

1. c4 e5 2. d3 Nf6 3. Nf3 Nc6 4. e3 g6 5. Nc3 Bg7 6. Be2 O-O 7. O-O Re8 8. e4
d6 9. Kh1 Nd4 10. Nxd4 exd4 11. Nb5 Nd7 12. f4 Nc5 13. Bd2 c6 14. Na3 f5 15.
exf5 Bxf5 16. Bb4 Rxe2 17. Qxe2 Bxd3 18. Qf3 Bxf1 19. Rxf1 Qd7 20. b3 Re8 21.
Nc2 Qf5 22. Bxc5 dxc5 23. Re1 Rxe1+ 24. Nxe1 Qb1 25. Qe2 Kf7 0-1

[Event "GBR-ch80"]
[Site "Dundee"]
[Date "1993.08.09"]
[Round "7"]
[White "Ward, Christopher G"]
[Black "McNab, Colin Anderson"]
[Result "1-0"]
[WhiteElo "2460"]
[BlackElo "2490"]
[PlyCount "77"]
[EventDate "1993.08.02"]
[EventType "swiss"]
[EventRounds "11"]
[EventCountry "GBR"]
[SourceTitle "BritBase"]
[Source "britbase.info"]
[SourceDate "2021.07.30"]
[SourceVersion "1"]
[SourceVersionDate "2021.07.30"]
[SourceQuality "1"]

1. d4 d6 2. e4 Nf6 3. f3 g6 4. Be3 Bg7 5. c4 O-O 6. Nc3 e5 7. d5 Nh5 8. Qd2
Qh4+ 9. Kd1 Qe7 10. Kc2 f5 11. Rc1 a5 12. Kb1 Na6 13. Bd3 Bd7 14. exf5 gxf5 15.
Nh3 e4 16. Be2 a4 17. f4 Nf6 18. Nf2 Nc5 19. h3 Ra6 20. g4 Rfa8 21. Rcg1 Rb6
22. Nfd1 a3 23. b3 fxg4 24. hxg4 Ne8 25. Kc2 Qf6 26. g5 Qf7 27. Nf2 Ba4 28.
Nxa4 Rxa4 29. Ng4 Rab4 30. Nh6+ Bxh6 31. gxh6+ Kf8 32. Qd4 Nxb3 33. Qh8+ Ke7
34. Rg7 Nxg7 35. hxg7 Na1+ 36. Rxa1 Rb2+ 37. Kd1 Rb1+ 38. Rxb1 Rxb1+ 39. Kd2
1-0

[Event "GBR-ch80"]
[Site "Dundee"]
[Date "1993.08.10"]
[Round "8"]
[White "Arkell, Keith C"]
[Black "Hodgson, Julian M"]
[Result "1-0"]
[WhiteElo "2460"]
[BlackElo "2625"]
[PlyCount "130"]
[EventDate "1993.08.02"]
[EventType "swiss"]
[EventRounds "11"]
[EventCountry "GBR"]
[SourceTitle "BritBase"]
[Source "britbase.info"]
[SourceDate "2021.07.30"]
[SourceVersion "1"]
[SourceVersionDate "2021.07.30"]
[SourceQuality "1"]

1. d4 Nf6 2. Nf3 c5 3. d5 g6 4. Nc3 Bg7 5. e4 O-O 6. a4 e6 7. Be2 exd5 8. exd5
d6 9. Nd2 Na6 10. Nc4 Nb4 11. Bf4 Ne8 12. Nb5 Bf5 13. Rc1 Be4 14. O-O Nxd5 15.
Bxd6 a6 16. Bxf8 Kxf8 17. Nba3 Nec7 18. a5 Ne6 19. c3 Bh6 20. Ra1 Bxg2 21. Kxg2
Qh4 22. Bg4 f5 23. Bxf5 gxf5 24. Qf3 Bf4 25. Qh3 Qxh3+ 26. Kxh3 Kf7 27. Rg1
Ng5+ 28. Kg2 Rg8 29. Kh1 Rg6 30. Rad1 Nf6 31. Nd6+ Ke6 32. Rge1+ Nfe4 33. Nxe4
fxe4 34. Rg1 Rh6 35. Rg2 Nf3 36. Nc4 Bxh2 37. Rg8 Bg1+ 38. Kg2 Rh2+ 39. Kg3
Bxf2+ 40. Kf4 Rh4+ 41. Rg4 Rxg4+ 42. Kxg4 Ne5+ 43. Nxe5 Kxe5 44. Rh1 Kd5 45.
Kf4 e3 46. Kf3 Kc6 47. Rxh7 Bg1 48. Ke2 Bf2 49. Kd3 Bg3 50. Rh6+ Kd7 51. Rb6
Kc8 52. Re6 Bc7 53. Kc4 Bxa5 54. Kxc5 Bd8 55. Rxe3 Kc7 56. Kd5 Bg5 57. Re5 Bc1
58. Re7+ Kb6 59. c4 a5 60. c5+ Ka6 61. b3 Bd2 62. Re6+ Ka7 63. Kc4 Kb8 64. Kb5
Kc7 65. Re7+ Kc8 1-0

[Event "GBR-ch80"]
[Site "Dundee"]
[Date "1993.08.10"]
[Round "8"]
[White "Cooper, Lawrence"]
[Black "Lee, Graham D"]
[Result "1/2-1/2"]
[WhiteElo "2310"]
[BlackElo "2345"]
[PlyCount "45"]
[EventDate "1993.08.02"]
[EventType "swiss"]
[EventRounds "11"]
[EventCountry "GBR"]
[SourceTitle "BritBase"]
[Source "britbase.info"]
[SourceDate "2021.07.30"]
[SourceVersion "1"]
[SourceVersionDate "2021.07.30"]
[SourceQuality "1"]

1. d4 Nf6 2. Bg5 e6 3. Nd2 h6 4. Bh4 c5 5. e3 cxd4 6. exd4 Be7 7. Ngf3 b6 8.
Bxf6 Bxf6 9. Ne4 O-O 10. Bd3 Ba6 11. O-O Bxd3 12. Qxd3 Nc6 13. c3 d5 14. Nxf6+
Qxf6 15. Rfe1 Rac8 16. Ne5 Rc7 17. Re3 Rb8 18. Rf1 b5 19. a3 a5 20. f4 g6 21.
b4 axb4 22. axb4 Kg7 23. h3 1/2-1/2

[Event "GBR-ch80"]
[Site "Dundee"]
[Date "1993.08.10"]
[Round "8"]
[White "Gokhale, Jayant Suresh"]
[Black "Dhar Barua, Saheli"]
[Result "1-0"]
[WhiteElo "2330"]
[BlackElo "2050"]
[PlyCount "99"]
[EventDate "1993.08.02"]
[EventType "swiss"]
[EventRounds "11"]
[EventCountry "GBR"]
[SourceTitle "BritBase"]
[Source "britbase.info"]
[SourceDate "2021.07.30"]
[SourceVersion "1"]
[SourceVersionDate "2021.07.30"]
[SourceQuality "1"]

1. d4 d5 2. c4 c6 3. Nf3 Nf6 4. e3 Bf5 5. Nc3 e6 6. Bd3 Bxd3 7. Qxd3 Bd6 8. O-O
O-O 9. e4 dxe4 10. Nxe4 Nxe4 11. Qxe4 Nd7 12. b3 Nf6 13. Qe2 Qc7 14. Bg5 Bf4
15. Bxf6 gxf6 16. g3 Bh6 17. Rad1 Rad8 18. d5 cxd5 19. cxd5 exd5 20. Nd4 Qe5
21. Qg4+ Qg5 22. Nf5 Bg7 23. Qf3 Rfe8 24. h4 Qg6 25. Rd4 h5 26. Rfd1 Bf8 27.
Rxd5 Rxd5 28. Rxd5 Re5 29. Kg2 Rxd5 30. Qxd5 Qg4 31. Ne3 Qe2 32. a4 b6 33. Qf5
Kg7 34. Qe4 Kg8 35. Qf3 Qxf3+ 36. Kxf3 Kg7 37. Ke4 Kg6 38. f3 Bd6 39. g4 Bg3
40. Ng2 hxg4 41. fxg4 Bf2 42. b4 a5 43. b5 Bg3 44. Kf3 Be5 45. Nf4+ Kg7 46. Ke4
Bd6 47. Kf5 Be5 48. Nh5+ Kh6 49. Nxf6 Bg3 50. g5+ 1-0

[Event "GBR-ch80"]
[Site "Dundee"]
[Date "1993.08.10"]
[Round "8"]
[White "Harley, Andrew D"]
[Black "McDonald, Neil R"]
[Result "1/2-1/2"]
[WhiteElo "2315"]
[BlackElo "2395"]
[PlyCount "33"]
[EventDate "1993.08.02"]
[EventType "swiss"]
[EventRounds "11"]
[EventCountry "GBR"]
[SourceTitle "BritBase"]
[Source "britbase.info"]
[SourceDate "2021.07.30"]
[SourceVersion "1"]
[SourceVersionDate "2021.07.30"]
[SourceQuality "1"]

1. e4 c5 2. c3 e6 3. d4 d5 4. exd5 exd5 5. Nf3 Bd6 6. dxc5 Bxc5 7. Be2 Ne7 8.
O-O Nbc6 9. Nbd2 O-O 10. Nb3 Bd6 11. Bg5 Qc7 12. Nbd4 Nxd4 13. Qxd4 Be6 14. Bd3
Ng6 15. Rfe1 a6 16. Bc2 Rfe8 17. h3 1/2-1/2

[Event "GBR-ch80"]
[Site "Dundee"]
[Date "1993.08.10"]
[Round "8"]
[White "Hebden, Mark"]
[Black "Ferguson, Mark"]
[Result "1/2-1/2"]
[WhiteElo "2560"]
[BlackElo "2195"]
[PlyCount "119"]
[EventDate "1993.08.02"]
[EventType "swiss"]
[EventRounds "11"]
[EventCountry "GBR"]
[SourceTitle "BritBase"]
[Source "britbase.info"]
[SourceDate "2021.07.30"]
[SourceVersion "1"]
[SourceVersionDate "2021.07.30"]
[SourceQuality "1"]

1. Nf3 Nf6 2. d4 d5 3. c4 c6 4. e3 Bf5 5. cxd5 cxd5 6. Qb3 Qc7 7. Bd2 e6 8.
Bb5+ Nc6 9. Bb4 Bxb4+ 10. Qxb4 Bxb1 11. Rxb1 Nd7 12. Qa3 f6 13. O-O Kf7 14.
Rfe1 Nb6 15. Rbc1 Rac8 16. Bxc6 bxc6 17. Nd2 Qe7 18. Qa5 Rc7 19. e4 Rhc8 20. b4
Rd8 21. a3 dxe4 22. Qh5+ Kg8 23. Rxe4 f5 24. Rh4 g6 25. Qh6 e5 26. Nf3 e4 27.
Re1 Nc4 28. Qc1 Qf7 29. Ng5 Qd5 30. Rh3 Rd6 31. Rd1 Ne5 32. Rc3 Nd3 33. Qe3 h6
34. Nh3 Qxd4 35. Qxd4 Rxd4 36. f3 Rdd7 37. fxe4 fxe4 38. Nf2 Nxf2 39. Rxd7 Rxd7
40. Kxf2 Rd2+ 41. Ke3 Rxg2 42. Rxc6 Kf7 43. Ra6 Rxh2 44. Rxa7+ Ke6 45. Kxe4
Rh4+ 46. Kd3 Kd5 47. Kc3 Rh3+ 48. Kb2 Kc4 49. Rc7+ Kb5 50. Rc5+ Kb6 51. a4 Rh2+
52. Kc3 Rh3+ 53. Kd2 Rh2+ 54. Ke3 Rh3+ 55. Kf2 Ra3 56. a5+ Kb7 57. Rb5+ Ka7 58.
Rb6 Rb3 59. Ke2 h5 60. Rxg6 1/2-1/2

[Event "GBR-ch80"]
[Site "Dundee"]
[Date "1993.08.10"]
[Round "8"]
[White "Hennigan, Michael"]
[Black "Webster, Andrew"]
[Result "1/2-1/2"]
[WhiteElo "2415"]
[BlackElo "2410"]
[PlyCount "113"]
[EventDate "1993.08.02"]
[EventType "swiss"]
[EventRounds "11"]
[EventCountry "GBR"]
[SourceTitle "BritBase"]
[Source "britbase.info"]
[SourceDate "2021.07.30"]
[SourceVersion "1"]
[SourceVersionDate "2021.07.30"]
[SourceQuality "1"]

1. Nf3 g6 2. e4 Bg7 3. d4 c6 4. c3 d5 5. e5 Bg4 6. Nbd2 Nd7 7. h3 Bxf3 8. Nxf3
e6 9. h4 h6 10. Bf4 Ne7 11. Qd2 a6 12. b4 a5 13. b5 a4 14. bxc6 bxc6 15. c4
dxc4 16. Bxc4 Nb6 17. Rc1 Nxc4 18. Rxc4 Qd5 19. Qc2 O-O 20. O-O a3 21. Rb1 Rfb8
22. Rxb8+ Rxb8 23. Bc1 Ra8 24. Rc5 Qd8 25. Rc3 Nf5 26. Qe4 Bf8 27. Qxc6 Rb8 28.
Qc7 Be7 29. Qxd8+ Rxd8 30. Bxa3 Bxa3 31. Rxa3 Nxd4 32. Nxd4 Rxd4 33. g3 Rd2 34.
Kg2 g5 35. hxg5 hxg5 36. Kf3 g4+ 37. Ke3 Rd5 38. Kf4 Rd2 39. Ke3 Rd5 40. Kf4
Rd2 41. Kxg4 Rxf2 42. Ra5 Kg7 43. a4 Rc2 44. Kg5 Rc4 45. g4 Re4 46. Kh5 Kh7 47.
g5 Rf4 48. Rb5 Rf1 49. g6+ fxg6+ 50. Kg5 Rf5+ 51. Kg4 Kh6 52. a5 Rf1 53. a6 Ra1
54. Rb6 Ra4+ 55. Kf3 Kg5 56. Rxe6 Kf5 57. Rf6+ 1/2-1/2

[Event "GBR-ch80"]
[Site "Dundee"]
[Date "1993.08.10"]
[Round "8"]
[White "James, David J"]
[Black "Rossiter, Philip J"]
[Result "1/2-1/2"]
[WhiteElo "2255"]
[BlackElo "2330"]
[PlyCount "86"]
[EventDate "1993.08.02"]
[EventType "swiss"]
[EventRounds "11"]
[EventCountry "GBR"]
[SourceTitle "BritBase"]
[Source "britbase.info"]
[SourceDate "2021.07.30"]
[SourceVersion "1"]
[SourceVersionDate "2021.07.30"]
[SourceQuality "1"]

1. d4 Nf6 2. c4 e6 3. Nc3 Bb4 4. Qc2 c5 5. dxc5 O-O 6. a3 Bxc5 7. Nf3 Nc6 8.
Bg5 b6 9. e3 Be7 10. Bd3 Kh8 11. O-O Bb7 12. Rfd1 Rc8 13. Rac1 Na5 14. Qe2 Nb3
15. Rb1 Nc5 16. Bc2 Nfe4 17. Nxe4 Nxe4 18. Bxe7 Qxe7 19. Rd4 f5 20. Ne1 Rc7 21.
f3 Nf6 22. Rdd1 Rfc8 23. Bd3 d5 24. cxd5 Nxd5 25. g3 Qg5 26. Ng2 Qe7 27. Rf1
Nf6 28. Rbd1 Nd7 29. e4 Ne5 30. Bb1 Qf6 31. exf5 exf5 32. Nf4 Re7 33. Nd5 Bxd5
34. Rxd5 Qg6 35. Qf2 Kg8 36. Rfd1 Rce8 37. Ba2 Qc6 38. Qd4 Kf8 39. Kg2 Nf7 40.
h4 Re2+ 41. Kh3 Ne5 42. Rd2 Qc1 43. Rxe2 Qh1+ 1/2-1/2

[Event "GBR-ch80"]
[Site "Dundee"]
[Date "1993.08.10"]
[Round "8"]
[White "Koshy, Varugeese"]
[Black "Bates, Richard"]
[Result "1-0"]
[WhiteElo "2415"]
[BlackElo "2235"]
[PlyCount "57"]
[EventDate "1993.08.02"]
[EventType "swiss"]
[EventRounds "11"]
[EventCountry "GBR"]
[SourceTitle "BritBase"]
[Source "britbase.info"]
[SourceDate "2021.07.30"]
[SourceVersion "1"]
[SourceVersionDate "2021.07.30"]
[SourceQuality "1"]

1. g3 g6 2. Bg2 Bg7 3. c4 d6 4. Nc3 e5 5. d3 f5 6. e4 Nf6 7. Nge2 O-O 8. O-O
Nc6 9. exf5 gxf5 10. f4 Nd4 11. h3 Kh8 12. Kh2 Ng8 13. Nxd4 exd4 14. Ne2 c5 15.
Ng1 Rb8 16. a4 Bd7 17. Bd2 Bc6 18. b4 Bxg2 19. Kxg2 b6 20. Nf3 d5 21. Ne5 dxc4
22. Nxc4 Qd5+ 23. Qf3 Ne7 24. bxc5 bxc5 25. Rfb1 a6 26. Nb6 Qd6 27. a5 Rfe8 28.
Nc4 Qd7 29. Rb6 1-0